The enduring Hemingway : (Record no. 17656)
[ view plain ]
| 000 -LEADER | |
|---|---|
| fixed length control field | 00784cam a2200265 4500 |
| 001 - CONTROL NUMBER | |
| control field | 17656 |
| 003 - CONTROL NUMBER IDENTIFIER | |
| rucl marc code | BD-RjUL |
| 005 - DATE AND TIME OF LATEST TRANSACTION | |
| control field | 20211209000155.0 |
| 008 - FIXED-LENGTH DATA ELEMENTS--GENERAL INFORMATION | |
| fixed length control field | 140217s1974 nyu 000 1 eng d |
| 020 ## - INTERNATIONAL STANDARD BOOK NUMBER | |
| International Standard Book Number | 0684137178 |
| 035 ## - SYSTEM CONTROL NUMBER | |
| System control number | (BD-RjUL)17714 |
| 040 ## - CATALOGING SOURCE | |
| Original cataloging agency | DLC |
| Transcribing agency | DLC |
| Modifying agency | DLC |
| -- | BD-RjUL |
| Language of cataloging | eng |
| 041 ## - LANGUAGE CODE | |
| Language code of text/sound track or separate title | eng |
| 082 00 - DEWEY DECIMAL CLASSIFICATION NUMBER | |
| Classification number | 813.52 |
| Author mark and year | END 1974 |
| 245 14 - TITLE STATEMENT | |
| Title | The enduring Hemingway : |
| Remainder of title | an anthology of a lifetime in literature / |
| Statement of responsibility, etc. | Edited with an introd. by Charles Scribner, Jr. |
| 260 ## - PUBLICATION, DISTRIBUTION, ETC. (IMPRINT) | |
| Place of publication, distribution, etc. | New York : |
| Name of publisher, distributor, etc. | Scribner, |
| Date of publication, distribution, etc. | c1974 |
| 300 ## - PHYSICAL DESCRIPTION | |
| Pagination | xxix, 864 p. ; |
| Size | 24 cm. |
| 350 ## - PRICE (NR) (BK AM CF MU VM SE) [OBSOLETE] | |
| Price | $14.95 |
| 650 #0 - SUBJECT ADDED ENTRY--TOPICAL TERM | |
| Topical term or geographic name as entry element | The enduring Hemingway |
| 9 (RLIN) | 54421 |
| 700 1# - ADDED ENTRY--PERSONAL NAME | |
| Personal name | Scribner, Charles, |
| Dates associated with a name | 1921- |
| Relator term | ed. |
| 942 ## - ADDED ENTRY ELEMENTS (KOHA) | |
| Source of classification or shelving scheme | Dewey Decimal Classification |
| Koha item type | Books |
| Lost status | Source of classification or shelving scheme | Damaged status | Not for loan | Collection code | Permanent Location | Current Location | Shelving location | Date acquired | Source of acquisition | Total Checkouts | Full call number | Date last seen | Copy number | Koha item type |
|---|---|---|---|---|---|---|---|---|---|---|---|---|---|---|
| Dewey Decimal Classification | Not For Loan | Fiction | Central Library, University of Rajshahi | Central Library, University of Rajshahi | Reading Room | 23/12/1976 | U.S.I.S Gift | 813.52 END 1974 | 17/02/2014 | C-1 | Books |